Asia and the Pacific in the 1970s ; the roles of the United States, Australia, and New Zealand /

Bibliographic Details
Corporate Authors: Australian Institute of International Affairs, New Zealand Institute of International Affairs, Institute for Defense Analyses
Other Authors: Brown, Bruce, 1930-
Format: Book
Language:English
Published: Wellington : Reed, [1971]
Subjects:

MARC

Tag First Indicator Second Indicator Subfields
LEADER 00000cam a2200000 4500
001 in00000307256
005 20151010143708.0
008 740524s1971 nz b 10000 eng d
035 |a (OCoLC)00895248 
035 |9 ABH5677AM 
040 |c OSU  |d TXA  |d UtOrBLW 
049 |a TXAM  |c [1025344] 
090 |a DS1.5  |b .A7 1971a 
245 0 0 |a Asia and the Pacific in the 1970s ;  |b the roles of the United States, Australia, and New Zealand /  |c Editor: Bruce Brown. 
264 1 |a Wellington :  |b Reed,  |c [1971] 
264 4 |c [©1971] 
300 |a 253 pages ;  |c 24 cm. 
336 |a text  |b txt  |2 rdacontent 
337 |a unmediated  |b n  |2 rdamedia 
338 |a volume  |b nc  |2 rdacarrier 
500 |a Papers and discussion of a conference held in Canberra, February 1970, organized by the Australian Institute of International Affairs, and the Institute for Defense Analyses. 
504 |a Includes bibliographical references. 
651 0 |a Asia  |x Congresses. 
651 0 |a Oceania  |x Congresses. 
651 0 |a United States  |x Relations  |z Asia  |x Congresses. 
651 0 |a Asia  |x Relations  |z United States  |x Congresses. 
700 1 |a Brown, Bruce,  |d 1930- 
710 2 |a Australian Institute of International Affairs. 
710 2 |a New Zealand Institute of International Affairs. 
710 2 |a Institute for Defense Analyses. 
999 |a MARS 
999 f f |s 0146754c-c825-35df-8503-e77a00626ef1  |i 2e4a9d26-38eb-3518-8b1c-116ea0543beb  |t 0 
952 f f |p ric  |a Texas A&M University  |b Rellis Campus  |c Joint Library Facility  |d Remote Storage  |t 0  |e DS1.5 .A7 1971a  |h Library of Congress classification  |i unmediated -- volume  |m A14802021431 
998 f f |a DS1.5 .A7 1971a  |t 0  |l Remote Storage